[Event "Pan-Armenian Olym"]
[Site "Yerevan ARM"]
[Date "2010.08.22"]
[Round "8"]
[White "Gevorgyan,I"]
[Black "Hairapetian,A"]
[Result "1/2-1/2"]
[WhiteElo "2163"]
[BlackElo "2213"]

1.Nf3 Nf6 2.d4 g6 3.c4 Bg7 4.g3 O-O 5.Bg2 d6 6.Nc3 Nbd7 7.O-O c6 8.Qc2 a6
9.b3 Re8 10.Bb2 e5 11.dxe5 dxe5 12.Ng5 Nc5 13.Rad1 Qb6 14.Bc1 Bf5 15.Nge4 Ne6
16.e3 Nxe4 17.Nxe4 Ng5 18.g4 Bxe4 19.Bxe4 Nxe4 20.Qxe4 Rad8 21.Bb2 Qc5 22.Qc2 Qe7
23.Rxd8 Rxd8 24.Rd1 Rd7 25.h3 Qd8 26.Rxd7 Qxd7 27.Kg2 f5 28.gxf5 gxf5 29.e4 f4
30.Qe2 h6 31.Qh5 Qe6  1/2-1/2

[Event "6th Geller Memorial Open A"]
[Site "Odessa UKR"]
[Date "2010.08.27"]
[Round "7"]
[White "Aliferenko,A"]
[Black "Kutsykh,M"]
[Result "1/2-1/2"]
[WhiteElo "2182"]
[BlackElo "2294"]

1.d4 Nf6 2.c4 g6 3.Nf3 Bg7 4.g3 O-O 5.Bg2 d6 6.O-O c6 7.Nc3 Bf5 8.b3 Ne4
9.Bb2 Nxc3 10.Bxc3 Be4 11.Bh3 Bxf3 12.exf3 d5 13.Rc1 e6 14.Re1 Nd7 15.f4 b5  1/2-1/2

[Event "BDO Premier"]
[Site "Haarlem NED"]
[Date "2010.08.29"]
[Round "9"]
[White "Ris,R"]
[Black "Popilski,G"]
[Result "1-0"]
[WhiteElo "2423"]
[BlackElo "2451"]

1.d4 Nf6 2.c4 g6 3.Nf3 Bg7 4.g3 O-O 5.Bg2 d6 6.O-O Nbd7 7.Nc3 e5 8.e4 c6
9.b3 exd4 10.Nxd4 Re8 11.Bb2 Nc5 12.Re1 Qb6 13.Qc2 Ng4 14.Rad1 a5 15.a3 h5
16.Nce2 h4 17.h3 Nf6 18.g4 Ncxe4 19.Nc3 Nc5 20.g5 Rxe1+ 21.Rxe1 Nh5 22.Re8+ Kh7
23.Ne4 Qc7 24.Nf6+ Bxf6 25.gxf6 Bf5 26.Nxf5 Rxe8 27.Qd2 gxf5 28.Qg5 Re1+
29.Bf1 Ne6 30.Qxh5+ Kg8 31.Bc3 Rxf1+ 32.Kxf1 Qb6 33.Qxh4 f4 34.Qg4+ Kf8 35.Qh5 Ke8
36.b4 axb4 37.axb4 Qa6 38.Qe2 Qa3 39.Qd3 Qc1+ 40.Ke2 f3+ 41.Kxf3 Qh1+ 42.Kg4 Qg2+
43.Qg3 Qe4+ 44.Kh5 Qh7+ 45.Kg4 Qe4+ 46.Kh5 Kd7 47.Kh6 Qxc4 48.Kh7 c5 49.bxc5 dxc5
50.Kg8 b5 51.Qf3 Nd8 52.Qf5+ Qe6 53.Qxc5 Qxh3 54.Qxb5+ Kc8 55.Qa6+ Kd7 56.Qa7+ Kc8
57.Qc5+ Kd7 58.Qd5+ Kc8 59.Ba5 Qg4+ 60.Kf8 Ne6+ 61.Ke7 Kb8 62.Qb5+ Ka7 63.Bb6+ Kb7
64.Bc5+ Kc8 65.Qa6+ Kb8 66.Bd6+ Nc7 67.Qb6+ Ka8 68.Qc6+ Ka7 69.Qxc7+ Ka6
70.Qc6+ Ka7 71.Bc5+ Kb8 72.Qb6+ Kc8 73.Qa6+ Kb8 74.Bd6+  1-0

[Event "BDO Premier"]
[Site "Haarlem NED"]
[Date "2010.08.29"]
[Round "9"]
[White "Flumbort,A"]
[Black "Van Kampen,R"]
[Result "1/2-1/2"]
[WhiteElo "2540"]
[BlackElo "2422"]

1.d4 Nf6 2.c4 g6 3.Nf3 Bg7 4.g3 O-O 5.Bg2 d6 6.Nc3 Nc6 7.O-O a6 8.h3 Bd7
9.e4 e5 10.dxe5 dxe5 11.Re1 h6 12.Nd5 Nh7 13.Be3 Ng5 14.Nxg5 hxg5 15.Qd2 g4
16.h4 Nd4 17.Bxd4 exd4 18.e5 c6 19.Nf4 Re8 20.Nd3 Qc7 21.Qg5 Bf5 22.Be4 f6
23.exf6 Bxe4 24.Nf4 Re5 25.Qxg4 Bf5 26.Qg5 Be4  1/2-1/2

[Event "TCh-SRB 1st League"]
[Site "Vrnjacka Banja SRB"]
[Date "2010.08.29"]
[Round "9"]
[White "Arsovic,G"]
[Black "Tosic,M"]
[Result "1/2-1/2"]
[WhiteElo "2434"]
[BlackElo "2423"]

1.d4 Nf6 2.Nf3 g6 3.c4 Bg7 4.g3 O-O 5.Bg2 d6 6.O-O c6 7.Nc3 Bg4 8.h3 Bxf3
9.Bxf3 Nbd7 10.b4 e5 11.e3 exd4 12.exd4 Nb6 13.Qb3 Qd7 14.Kg2 Qe6  1/2-1/2

[Event "ch-RUS Higher League w"]
[Site "St Petersburg RUS"]
[Date "2010.08.30"]
[Round "5"]
[White "Nebolsina,V"]
[Black "Savina,A"]
[Result "1-0"]
[WhiteElo "2349"]
[BlackElo "2392"]

1.d4 Nf6 2.Nf3 g6 3.c4 Bg7 4.g3 O-O 5.Bg2 d6 6.O-O Nc6 7.Nc3 a6 8.h3 Rb8
9.e4 b5 10.e5 Nd7 11.e6 fxe6 12.d5 Na5 13.cxb5 axb5 14.Nd4 Ne5 15.b4 c5 16.dxc6 Nexc6
17.Be3 Nxb4 18.Rb1 Nd5 19.Nxd5 exd5 20.Bxd5+ Kh8 21.h4 Qe8 22.Re1 e5 23.Bd2 Qd8
24.Nxb5 Bf5 25.Rb2 Qd7 26.a4 Nc6 27.Be3 Ne7 28.Bg2 d5 29.Bc5 Be6 30.Rd2 Rfd8
31.Bd6 Bg4 32.f3 Rxb5 33.Bxe5 Rb4 34.Bxg7+ Kxg7 35.fxg4 Ng8 36.Rxd5 Qa7+
37.Kh2 Rxd5 38.Qxd5 Rxg4 39.Rb1 Qxa4 40.Rb7+ Kh6 41.Qd2+ g5 42.Qd6+  1-0

[Event "ch-RUS Higher League"]
[Site "Irkutsk RUS"]
[Date "2010.09.02"]
[Round "7"]
[White "Bukavshin,I"]
[Black "Sjugirov,S"]
[Result "0-1"]
[WhiteElo "2430"]
[BlackElo "2610"]

1.d4 Nf6 2.Nf3 g6 3.c4 Bg7 4.g3 O-O 5.Bg2 d6 6.Nc3 Nc6 7.O-O a6 8.d5 Na5
9.Nd2 c5 10.Qc2 Rb8 11.b3 b5 12.Rb1 e5 13.cxb5 axb5 14.b4 cxb4 15.Rxb4 Qc7
16.Ba3 Ba6 17.Rc1 Rfc8 18.Qb1 Qd7 19.e3 h5 20.Bb2 Nb7 21.a4 bxa4 22.Ba3 Qd8
23.Nxa4 Rxc1+ 24.Qxc1 Rc8 25.Qb1 Nc5 26.Nxc5 dxc5 27.Ra4 Be2 28.Nc4 Nxd5
29.Qc2 Nc3 30.Nb6 Rb8 31.Ra8 Rxa8 32.Nxa8 e4  0-1

[Event "TCh-ROU Superliga"]
[Site "Baile Herculane ROU"]
[Date "2010.09.11"]
[Round "8"]
[White "Jianu,V"]
[Black "Kotronias,V"]
[Result "1/2-1/2"]
[WhiteElo "2528"]
[BlackElo "2592"]

1.d4 Nf6 2.c4 g6 3.g3 Bg7 4.Bg2 O-O 5.Nf3 d6 6.O-O Nbd7 7.Nc3 e5 8.e4 c6
9.h3 Qb6 10.Re1 exd4 11.Nxd4 Re8 12.Re2 Qb4 13.Rc2 Nc5 14.Bd2 Qb6 15.Be3 a5
16.Nb3 a4 17.Nxc5 dxc5 18.Rac1 Qa5 19.Qd6 Be6 20.Qxc5 Qxc5 21.Bxc5 Bxc4 22.Rd1 g5
23.Rd4 b5 24.Rd6 Rac8 25.Nxa4 Nxe4 26.Bxe4 Rxe4 27.Nb6 Rb8 28.Nxc4 Rxc4 29.Rxc4 bxc4
30.Rxc6 h6 31.Bb6 Bxb2 32.a4 c3 33.a5 Ra8 34.Kf1 f5 35.Ke2 Ba3 36.Rc4 Bf8
37.Kd3 Bg7 38.Ra4 Ra6 39.Ra2 Kf7 40.Kc4 Ke6 41.Re2+ Kd6 42.Bc5+ Kc6 43.Re6+ Kb7
44.Re7+ Kb8 45.Rxg7 c2 46.Be3 Rc6+ 47.Kd3 c1=Q 48.Bxc1 Rxc1 49.Rg6 Ra1 50.a6 Ra3+
51.Ke2 f4 52.gxf4 gxf4 53.Rxh6 f3+ 54.Kd2 Ka7 55.h4 Rb3 56.h5 Ra3 57.Re6 Ra2+
58.Kd3 Rxf2 59.h6 Rh2 60.Rf6 f2 61.Ke2 Kb8 62.Kf1 Ka7 63.Rxf2  1/2-1/2

[Event "TCh-CHN"]
[Site "Guangzhou CHN"]
[Date "2010.09.11"]
[Round "11"]
[White "Ju Wenjun"]
[Black "Huang Qian"]
[Result "1-0"]
[WhiteElo "2500"]
[BlackElo "2439"]

1.d4 Nf6 2.c4 g6 3.Nf3 Bg7 4.g3 O-O 5.Bg2 d6 6.O-O Nbd7 7.Nc3 e5 8.e4 a6
9.Re1 exd4 10.Nxd4 Re8 11.h3 Rb8 12.Be3 Ne5 13.b3 c5 14.Nc2 Qa5 15.Bd2 Qd8
16.a4 Be6 17.Rb1 Nc6 18.f4 h5 19.Kh2 Qc8 20.Rf1 Bd7 21.Be1 Nd4 22.Bf2 h4
23.gxh4 Nh5 24.Nxd4 Nxf4 25.Nde2 Nxg2 26.Kxg2 Bxh3+ 27.Kh2 Qg4 28.Bg3 Bxf1
29.Qxf1 f5 30.Qf4 Rxe4 31.Qxg4 Rxg4 32.Nd5 Re8 33.Nef4 Re4 34.Kg2 a5 35.Kf3 Kf7
36.Nh3 Be5 37.Ng5+ Kg7 38.Nxe4 Rxe4 39.Re1 Rg4 40.Bxe5+ dxe5 41.Rxe5 Rxh4
42.Re7+ Kh6 43.Rxb7 g5 44.Rb6+ Kg7 45.Rb5 Kg6 46.Rxc5 f4 47.Rc6+ Kg7 48.c5 Rh3+
49.Kg4 Rxb3 50.Kxg5 f3 51.Rc7+ Kf8 52.Kf6 Rb8 53.Rf7+ Ke8 54.Nc7+ Kd8 55.Ne6+  1-0

[Event "e2e4 Open"]
[Site "Sunningdale ENG"]
[Date "2010.09.11"]
[Round "2"]
[White "Beaumont,C"]
[Black "Maroroa,S"]
[Result "1-0"]
[WhiteElo "2306"]
[BlackElo "1920"]

1.Nf3 Nf6 2.c4 g6 3.d4 Bg7 4.g3 O-O 5.Bg2 d6 6.Nc3 Nbd7 7.O-O e5 8.e4 exd4
9.Nxd4 a6 10.h3 Ne5 11.b3 Re8 12.Be3 Rb8 13.a4 c5 14.Nde2 Qc7 15.Ra2 Bd7
16.Rd2 b5 17.axb5 axb5 18.f4 Nc6 19.Nxb5 Rxb5 20.cxb5 Nd4 21.Nxd4 cxd4 22.Bxd4 Nxe4
23.Bxe4 Rxe4 24.Bxg7 Kxg7 25.Re1 Rxe1+ 26.Qxe1 Qc3 27.Qf2 Qc1+ 28.Kh2 Bxb5
29.Rxd6 Bc6 30.Qd4+ Kh6 31.Qd1 Qc5 32.Qd2 f5 33.b4 Qc4 34.g4 Be4 35.Rd7 Qg8
36.Qf2  1-0

[Event "e2e4 Open"]
[Site "Sunningdale ENG"]
[Date "2010.09.11"]
[Round "4"]
[White "Pert,N"]
[Black "Lewis,An"]
[Result "1-0"]
[WhiteElo "2541"]
[BlackElo "2281"]

1.d4 Nf6 2.Nf3 g6 3.c4 Bg7 4.g3 O-O 5.Bg2 d6 6.O-O Nbd7 7.Nc3 e5 8.e4 c6
9.h3 Qb6 10.c5 dxc5 11.dxe5 Ne8 12.Na4 Qa6 13.Qc2 b6 14.Bf4 Nc7 15.Rfd1 Ne6
16.Rd6 Qb7 17.Rad1 Re8 18.b3 Bf8 19.Bc1 Bxd6 20.exd6 f6 21.Bb2 b5 22.Nc3 Ne5
23.Ne2 Nxf3+ 24.Bxf3 Qf7 25.Bg2 Bd7 26.Nc1 a5 27.Qc3 Rf8 28.Nd3 a4 29.e5 f5
30.Nxc5 Nxc5 31.Qxc5 Be6 32.b4 f4 33.a3 Rac8 34.gxf4 Qxf4 35.Rd3 Qc4 36.Rd2 Qxc5
37.bxc5 Rf4 38.d7 Rd8 39.Bxc6 Rc4 40.Bd5 Bxd5 41.Rxd5 Kf7 42.e6+ Ke7 43.Kg2 Rc2
44.Bd4 b4 45.axb4 a3 46.Rd6 a2 47.Ra6 Re2 48.Be3 Re1 49.Bg5+  1-0

[Event "EYCC Boys U18"]
[Site "Batumi GEO"]
[Date "2010.09.23"]
[Round "4"]
[White "Kolosowski,M"]
[Black "Popilski,G"]
[Result "0-1"]
[WhiteElo "2342"]
[BlackElo "2454"]

1.d4 Nf6 2.c4 g6 3.g3 Bg7 4.Bg2 O-O 5.Nf3 d6 6.O-O Nbd7 7.Nc3 e5 8.e4 c6
9.Re1 Qb6 10.h3 exd4 11.Nxd4 Re8 12.Nc2 Nc5 13.b4 Ne6 14.Be3 Qc7 15.Qd3 a6
16.Rad1 Nd7 17.f4 b5 18.a4 bxc4 19.Qxc4 a5 20.b5 Nb6 21.Qb3 Nc5 22.Bxc5 dxc5
23.e5 c4 24.Qa3 Bf5 25.Nd4 Bf8 26.Qa1 Bc5 27.Kh2 Bd3 28.Nxc6 h5 29.Ne4 Bxe4
30.Rxe4 h4 31.gxh4 Qc8 32.h5 gxh5 33.Qc3 Qf5 34.Qg3+ Kh8 35.e6 Rxe6 36.Rxe6 fxe6
37.Nd4 Bxd4 38.Bxa8 Qc2+  0-1

[Event "EYCC Girls U16"]
[Site "Batumi GEO"]
[Date "2010.09.23"]
[Round "4"]
[White "Arabidze,M"]
[Black "Ibrahimova,S"]
[Result "1-0"]
[WhiteElo "2288"]
[BlackElo "2029"]

1.d4 Nf6 2.c4 g6 3.g3 Bg7 4.Bg2 O-O 5.Nf3 d6 6.O-O Nc6 7.Nc3 a6 8.e4 Rb8
9.Qd3 Bd7 10.d5 Nb4 11.Qe2 a5 12.h3 e6 13.a3 Na6 14.dxe6 Bxe6 15.Nd4 Bd7
16.Be3 Re8 17.Qc2 a4 18.Rad1 Nc5 19.Ndb5 b6 20.Rfe1 Qc8 21.Kh2 Re5 22.f3 Re8
23.Bd4 Be6 24.Nxa4 Ra8 25.Nxc5 bxc5 26.Bf2 Rb8 27.b3 Bd7 28.a4 Qb7 29.Re2 Bc6
30.Be1 h5 31.Bc3 h4 32.g4 Re6 33.Ra1 Bd7 34.f4 Bc6 35.Rae1 Rbe8 36.f5 Bxe4
37.fxe6  1-0

[Event "TCh-NED Meesterklasse 2010-11"]
[Site "Netherlands NED"]
[Date "2010.09.25"]
[Round "1.9"]
[White "Besseling,M"]
[Black "Kollen,Z"]
[Result "1/2-1/2"]
[WhiteElo "2231"]
[BlackElo "2046"]

1.d4 Nf6 2.c4 g6 3.g3 Bg7 4.Bg2 O-O 5.Nf3 d6 6.O-O Nc6 7.Nc3 a6 8.e4 Bg4
9.Be3 Qc8 10.Qd2 Bxf3 11.Bxf3 Ng4 12.Bxg4 Qxg4 13.f3 Qh3 14.Rad1 f5 15.Qg2 Qxg2+
16.Kxg2 e5 17.d5 Nd4 18.exf5 Nxf5 19.Bf2 Bh6 20.Rd3 b6 21.Ne4 Ne7 22.Rfd1 a5
23.b3 Kf7 24.h4 Ng8 25.Be3 Bxe3 26.Rxe3 h6 27.a4 Nf6 28.Nxf6 Kxf6 29.Rh1 Kg7
30.h5 g5 31.Re4 Rf6 32.Rhe1 Raf8 33.R1e3 Kf7  1/2-1/2

[Event "EYCC Boys U12"]
[Site "Batumi GEO"]
[Date "2010.09.27"]
[Round "8"]
[White "Minko,V"]
[Black "Vialichka,Kiryl"]
[Result "1/2-1/2"]
[WhiteElo "2038"]
[BlackElo "1773"]

1.d4 Nf6 2.c4 g6 3.Nf3 Bg7 4.g3 O-O 5.Bg2 d6 6.Nc3 Nc6 7.O-O e5 8.d5 Ne7
9.Ne1 Nd7 10.e4 f5 11.Nd3 Nc5 12.Nxc5 dxc5 13.Be3 b6 14.Bg5 f4 15.d6 Qxd6
16.Qxd6 cxd6 17.Bxe7 Rf7 18.Bxd6 f3 19.Bh1 Be6 20.b4 Bxc4 21.Rfd1 cxb4 22.Bxb4 a5
23.Bd6 b5 24.a3 g5 25.Rab1 Rc8 26.Nd5 Rd8 27.Ne7+ Kh8 28.Nf5 Be2 29.Rd5 Bf6
30.g4 h5 31.h3 hxg4 32.hxg4 Kh7 33.Kh2 Rc8 34.Rc5 Rxc5 35.Bxc5 Rc7 36.Rc1 b4
37.axb4 axb4 38.Be3 Rb7 39.Nd6 Rd7 40.Rc6 b3 41.Bc1 Ra7 42.Rb6 Ra1 43.Be3 Rb1
44.Nf5 b2 45.Rb7+ Kg6 46.Ng3 Bg7 47.Rb6+ Kf7 48.Bxg5 Bf8 49.Bd2 Bc5 50.Rb7+ Ke8
51.Nf5 Bxf2 52.g5 Bg1+ 53.Kg3 Bd4 54.Nxd4 exd4 55.Bxf3 Bxf3 56.Kf4 Bh5 57.Ke5 d3
58.Kd4 Ra1 59.Rxb2 Ra4+ 60.Kxd3 Bg6 61.Bb4 Kd7 62.Ke3 Ra6 63.Kd4 Re6 64.Re2 Ke8
65.e5 Bf7 66.Rg2 Rg6 67.Ke4 Be6 68.Kf4 Kf7 69.Bd6 Kg7 70.Be7 Kf7 71.Bf6 Rg8
72.Rh2 Kg6 73.Rh6+ Kf7 74.Rh7+ Kg6 75.Re7 Bf7 76.e6 Be8 77.Ke5 Bb5 78.Rd7 Ba4
79.Kd6 Bb5 80.Ke7 Ra8 81.Kd6 Rg8 82.Ke5 Ba4 83.Rd4 Ra8 84.Rh4 Ra5+ 85.Kf4 Rf5+
86.Kg4 Bd1+ 87.Kg3 Rf3+ 88.Kg2 Re3 89.e7 Bh5 90.Rd4 Kf5 91.Rd8 Kf4 92.Rg8 Kf5
93.Kf2 Re4 94.Rh8 Bg6 95.Kf3 Rf4+ 96.Ke3 Re4+ 97.Kd3 Rf4 98.e8=Q Bxe8 99.Rxe8 Rg4
100.Re5+ Kg6 101.Re4 Rg3+ 102.Kd4 Ra3 103.Kd5 Ra5+ 104.Kd6 Ra6+ 105.Ke7 Ra7+
106.Kf8 Ra8+ 107.Re8 Ra7 108.Bd8  1/2-1/2

[Event "39th Olympiad Men"]
[Site "Khanty-Mansiysk RUS"]
[Date "2010.09.27"]
[Round "6"]
[White "Hamitevici,V"]
[Black "Lee,T"]
[Result "1-0"]
[WhiteElo "2415"]
[BlackElo "1935"]

1.d4 Nf6 2.c4 g6 3.g3 Bg7 4.Bg2 d6 5.Nf3 O-O 6.Nc3 Nc6 7.O-O Bg4 8.h3 Bxf3
9.Bxf3 Nd7 10.e3 e5 11.dxe5 Ndxe5 12.Be2 Re8 13.Rb1 Qc8 14.Kh2 Ne7 15.Qc2 a6
16.Nd5 Nxd5 17.cxd5 c6 18.dxc6 Qxc6 19.Qxc6 Nxc6 20.Bf3 Rab8 21.Rd1 Red8
22.Bg2 Rd7 23.b4 Na7 24.Bb2 Nb5 25.Rd3 Na7 26.a4 b5 27.a5 Bxb2 28.Rxb2 Kf8
29.Rc2 Ke7 30.Rdc3 h5 31.g4 hxg4 32.hxg4 f6 33.Be4 Kf7 34.Rc7 Rd8 35.Bb7 Ke6
36.Bxa6 Rxc7 37.Rxc7 Rd7 38.Rb7 Rxb7 39.Bxb7 Kd7 40.g5 f5 41.Kg3 Ke6 42.e4 Ke5
43.f4+ Ke6 44.Kf3 Ke7 45.exf5 gxf5 46.Ke3 Kf7 47.Kd4 Ke6 48.a6 Ke7 49.Kd5 Kd7
50.g6 Ke7 51.g7 Kf7 52.Kxd6 Kxg7 53.Kc7  1-0

[Event "OIS"]
[Site "Munich GER"]
[Date "2010.09.28"]
[Round "4"]
[White "Baldauf,Marc"]
[Black "Daurer,W"]
[Result "1-0"]
[WhiteElo "2357"]
[BlackElo "2061"]

1.d4 Nf6 2.c4 g6 3.g3 Bg7 4.Bg2 O-O 5.Nf3 d6 6.Nc3 Nc6 7.O-O Bg4 8.d5 Bxf3
9.exf3 Na5 10.Qe2 c5 11.dxc6 Nxc6 12.f4 Rc8 13.Be3 Nd7 14.Rac1 Nc5 15.b3 Qa5
16.Qd2 Rfe8 17.Rfd1 a6 18.Nd5 Qd8 19.Bh3 e6 20.Nc3 Bf8 21.Bg2 Qa5 22.Ne4 Nxe4
23.Qxa5 Nxa5 24.Bxe4 Nc6 25.Bb6 f5 26.Bg2 Kf7 27.a3 Be7 28.b4 Bd8 29.Be3 Be7
30.Bb6 Bd8 31.Be3 Be7 32.Kf1 h6 33.h4 Kf6 34.Ke2 Kf7 35.Rd2 Kf6 36.Rcd1 Bf8
37.Kf1 Be7 38.Bb6 g5 39.hxg5+ hxg5 40.fxg5+ Kxg5 41.Rxd6 Bxd6 42.Rxd6 f4
43.gxf4+ Kxf4 44.Rd7 Nd8 45.c5 Ke5 46.Ke2 Nc6 47.Rxb7 Nd4+ 48.Kd3 Rf8 49.Bc7+ Rxc7
50.Rxc7 Rxf2 51.Rg7 Ra2 52.c6 Rxa3+ 53.Kc4 Nb5 54.Kc5 Rc3+ 55.Kb6 Ra3 56.c7 Rc3
57.Bc6 Nd6 58.Rd7 Nc8+ 59.Kb7 Na7 60.Kxa7 Rxc6 61.Kb7  1-0

[Event "OIS"]
[Site "Munich GER"]
[Date "2010.10.02"]
[Round "8"]
[White "Baldauf,Marc"]
[Black "Raykhman,A"]
[Result "1/2-1/2"]
[WhiteElo "2357"]
[BlackElo "2389"]

1.d4 Nf6 2.c4 g6 3.g3 Bg7 4.Bg2 O-O 5.Nf3 d6 6.Nc3 Nc6 7.O-O a6 8.Qd3 Bd7
9.d5 Nb4 10.Qd1 a5 11.e4 e5 12.Ne1 Na6 13.Nd3 c6 14.dxc6 Bxc6 15.Be3 b6 16.Qe2 Qb8
17.Rfd1 Qb7 18.f3 Rfd8 19.Rd2 Nc7  1/2-1/2

[Event "Tatry Open"]
[Site "Tatranske Zruby CZE"]
[Date "2010.10.05"]
[Round "5"]
[White "Kantorik,M"]
[Black "Kriebel,T"]
[Result "1/2-1/2"]
[WhiteElo "2379"]
[BlackElo "2299"]

1.d4 Nf6 2.c4 g6 3.g3 Bg7 4.Nf3 O-O 5.Bg2 d6 6.O-O Nc6 7.Nc3 a6 8.b3 Rb8
9.Nd5 Bd7 10.Bb2 a5 11.Nxf6+ Bxf6 12.Qd2 b5 13.Rac1 bxc4 14.Rxc4 Nb4 15.a3 Na6
16.Qxa5 Rxb3 17.Ba1 Qb8 18.Nd2 Qb5 19.Nxb3 Qxc4 20.Rc1 Qxb3 21.Qxa6 Bb5 22.Qa5 Bxe2
23.d5 Bxa1 24.Rxa1 Qc2 25.Qb4 Ra8 26.a4 Qc4 27.Qb2 Bd3 28.a5 Qb5 29.Qc3 Qc4
30.Qb2 Qb5  1/2-1/2

[Event "Tatry Open"]
[Site "Tatranske Zruby CZE"]
[Date "2010.10.07"]
[Round "7"]
[White "Olvecky,Jaroslav"]
[Black "Giertli,V"]
[Result "0-1"]
[WhiteElo "1919"]
[BlackElo "2127"]

1.d4 Nf6 2.Nf3 g6 3.g3 Bg7 4.Bg2 d6 5.c4 O-O 6.O-O Nbd7 7.Nc3 e5 8.e4 Re8
9.d5 Nc5 10.Ne1 a5 11.Nd3 b6 12.f3 Nfd7 13.Be3 Ba6 14.b3 Qe7 15.Nb2 Rf8 16.a3 Bc8
17.Nb5 Qd8 18.b4 Nb7 19.Qd2 f6 20.Nd3 Rf7 21.Kh1 f5 22.Kg1 Nf6 23.Nc3 Qf8
24.Nf2 Nd8 25.Rac1 Ba6 26.Nb5 Ne8 27.Rfd1 Bb7 28.Rc2 Bc8 29.Qc1 Nb7 30.Nh3 Nd8
31.Nf2 Re7 32.Nd3 Nf7 33.Nf2 Nh6 34.Rf1 Rf7 35.g4 Kh8  0-1

[Event "TCh-ISL Div 1 2010-11"]
[Site "Reykjavik ISL"]
[Date "2010.10.08"]
[Round "1.2"]
[White "Adly,A"]
[Black "Bekker Jensen,S"]
[Result "1-0"]
[WhiteElo "2630"]
[BlackElo "2396"]

1.Nf3 Nf6 2.d4 g6 3.g3 Bg7 4.Bg2 O-O 5.c4 d6 6.O-O c6 7.Nc3 Nbd7 8.e4 e5
9.h3 Qa5 10.Be3 exd4 11.Nxd4 Ne5 12.Qe2 Be6 13.Nxe6 fxe6 14.f4 Nf7 15.g4 e5
16.f5 g5 17.Rfd1 Nd7 18.Qd2 Qd8 19.b4 a5 20.a3 axb4 21.axb4 Rxa1 22.Rxa1 Bf6
23.Bf1 Be7 24.Ra7 Qb8 25.c5 d5 26.Nxd5 cxd5 27.c6 Nc5 28.Qa2 d4 29.Bf2 Nxe4
30.Rxb7 Qd6 31.Qe6 Nxf2 32.Rxe7 Qxe6 33.fxe6 Nd6 34.Rd7 Nfe4 35.c7 Rf3 36.Bg2  1-0

[Event "Karen Asrian Memorial"]
[Site "Jermuk ARM"]
[Date "2010.10.09"]
[Round "5"]
[White "Bagaturov,G"]
[Black "Lomineishvili,M"]
[Result "1-0"]
[WhiteElo "2464"]
[BlackElo "2355"]

1.c4 Nf6 2.Nf3 g6 3.d4 Bg7 4.g3 O-O 5.Bg2 d6 6.Nc3 Nc6 7.d5 Na5 8.Nd2 c5
9.O-O a6 10.Qc2 Rb8 11.b3 b5 12.Rb1 Bd7 13.Bb2 bxc4 14.bxc4 h5 15.h3 Bh6
16.f4 Qc8 17.Kh2 h4 18.gxh4 Nh5 19.e3 Rb4 20.Nce4 Bf5 21.a3 Rb6 22.Ba1 Rxb1
23.Rxb1 Qc7 24.Bf3 Ng7 25.Bc3 Nb7 26.Qa4 Nd8 27.Qxa6 Bc8 28.Qb6 Qd7 29.Nf2 Bxf4+
30.exf4 Qf5 31.Kg3 e5 32.fxe5 dxe5 33.Kg2 Qf4 34.Qd6 f6 35.Bg4 Nf7 36.Qxc5 Bxg4
37.Nxg4 Nh5 38.Qf2 f5 39.Nf6+  1-0

[Event "TCh-NED"]
[Site "Netherlands NED"]
[Date "2010.10.09"]
[Round "2.8"]
[White "Taha,S"]
[Black "Braun,Christi2"]
[Result "1-0"]
[WhiteElo "2214"]
[BlackElo "2373"]

1.d4 g6 2.c4 Bg7 3.Nf3 d6 4.g3 Nf6 5.Bg2 O-O 6.O-O c6 7.Nc3 Qa5 8.e4 Qh5
9.e5 Ne8 10.Re1 Bg4 11.Qd3 Na6 12.a3 Rd8 13.exd6 Nxd6 14.Ne5 Nf5 15.h3 Bxh3
16.Bf3 Rxd4 17.Qc2 Bg4 18.Nxg4 Rxg4 19.Bxg4 Qxg4 20.Qe4 Qxe4 21.Nxe4 Nd4
22.Rd1 f5 23.Ng5 e5 24.Kg2 Nc5 25.Be3 Ncb3 26.Rab1 a5 27.Bxd4 exd4 28.Ne6 Rf7
29.a4 Re7 30.Nxg7 Kxg7 31.Rd3 Nc5 32.Rxd4 Nxa4 33.Ra1 Nc5 34.Rdd1 a4 35.Re1 Rd7
36.Rad1 Nd3 37.Kf1 b5 38.cxb5 c5 39.Re6 c4 40.Rc6 Rb7 41.b6 Kh6 42.Kg2 f4
43.gxf4 Nxf4+ 44.Kg3 Nh5+ 45.Kf3 Rf7+ 46.Ke3 Re7+ 47.Kd4 Rd7+ 48.Kxc4 Rxd1
49.b7 Rc1+ 50.Kd5 Nf4+ 51.Kd6 Rd1+ 52.Ke7 Nd5+ 53.Ke8 Nb4 54.Rb6 Nd5 55.b8=Q Nxb6
56.Qf4+ g5 57.Qf6+ Kh5 58.Qf3+  1-0

[Event "4NCL Team Rapid"]
[Site "Newport Pagnell ENG"]
[Date "2010.10.09"]
[Round "7"]
[White "Poobalasingam,P"]
[Black "Holmes,R"]
[Result "0-1"]
[WhiteElo "2332"]
[BlackElo "2270"]

1.d4 Nf6 2.c4 g6 3.g3 Bg7 4.Bg2 O-O 5.Nf3 d6 6.O-O Nbd7 7.Nc3 e5 8.e4 a6
9.Re1 Rb8 10.a4 a5 11.h3 c6 12.Be3 Re8 13.d5 cxd5 14.cxd5 b6 15.Nd2 Nc5 16.Bf1 Bd7
17.Kh2 Rf8 18.Bxc5 bxc5 19.Bb5 Ne8 20.Bxd7 Qxd7 21.Nc4 Qd8 22.Re2 f5 23.Qd2 Rb4
24.Qd3 f4 25.g4 f3 26.Rc2 Qh4 27.Rh1 Bh6 28.Kg1 Nf6 29.Na2 Rxa4 30.b3 Rxc4
31.Qxc4 Nxg4 32.Kf1 Be3 33.Qd3 Nxf2 34.Qxe3 Nxh1 35.Rh2 Ng3+ 36.Kg1 Nxe4
37.Nc1 f2+  0-1

[Event "4NCL Team Rapid"]
[Site "Newport Pagnell ENG"]
[Date "2010.10.09"]
[Round "9"]
[White "Arkell,K"]
[Black "Cobb,J"]
[Result "0-1"]
[WhiteElo "2439"]
[BlackElo "2401"]

1.d4 Nf6 2.Nf3 d6 3.c4 g6 4.g3 Bg7 5.Bg2 O-O 6.O-O c6 7.Nc3 Bf5 8.b3 Qd7
9.Re1 Bh3 10.Bh1 Na6 11.Ng5 Bg4 12.Bg2 h6 13.h3 hxg5 14.hxg4 Nxg4 15.Bxg5 Qf5
16.Bf4 e5 17.dxe5 dxe5 18.e4 Qh5 19.Be3 Nb4 20.Re2 Rad8 21.Bd2 f5 22.exf5 gxf5
23.Nd5 Nxd5 24.cxd5 f4 25.gxf4 exf4 26.f3 Bd4+  0-1

[Event "Karen Asrian Memorial"]
[Site "Jermuk ARM"]
[Date "2010.10.11"]
[Round "7"]
[White "Dilanian,G"]
[Black "Bagaturov,G"]
[Result "0-1"]
[WhiteElo "2245"]
[BlackElo "2464"]

1.d4 Nf6 2.c4 g6 3.Nf3 Bg7 4.g3 O-O 5.Bg2 d6 6.O-O Nbd7 7.Nc3 e5 8.Qc2 c6
9.Rd1 Qe7 10.b3 Re8 11.e3 Nf8 12.Ba3 e4 13.Nd2 Bf5 14.b4 h5 15.b5 N8h7 16.bxc6 bxc6
17.Qa4 Rac8 18.Re1 Ng5 19.Rab1 h4 20.Qa5 hxg3 21.hxg3 Ng4 22.Rbc1 Qf6 23.Ne2 Bf8
24.Nf4 Qh8 25.Kf1 Nh2+ 26.Kg1 Ng4 27.Kf1 Nh2+ 28.Kg1 Ngf3+ 29.Nxf3 exf3 30.Bf1 Re4
31.Qc3 Rxf4 32.exf4 Ng4 33.Bh3 Qxh3 34.Qxf3 Qh2+ 35.Kf1 Bd3+ 36.Re2 Re8 37.Re1 Qh3+
38.Kg1 Rxe2 39.Rxe2 Bxe2 40.Qxe2 Qh2+  0-1

[Event "Lichtenrader Herbst"]
[Site "Berlin GER"]
[Date "2010.10.16"]
[Round "1"]
[White "Duijker,B"]
[Black "Meissner,HJ"]
[Result "0-1"]
[WhiteElo "1796"]
[BlackElo "2233"]

1.Nf3 Nf6 2.c4 g6 3.d4 Bg7 4.g3 O-O 5.Bg2 d6 6.O-O Nbd7 7.Nc3 a6 8.e4 e5
9.h3 Re8 10.Be3 exd4 11.Nxd4 Rb8 12.Qc2 c5 13.Nde2 b5 14.cxb5 axb5 15.Rad1 b4
16.Na4 Qe7 17.b3 Nb6 18.Nxb6 Rxb6 19.Bg5 h6 20.Bxf6 Qxf6 21.Nf4 Bb7 22.Nd5 Bxd5
23.Rxd5 Qb2 24.Rd2 Qxc2 25.Rxc2 Ra6 26.Rd1 Bd4 27.Rdd2 g5 28.Bf1 Ra5 29.Bd3 Re6
30.Kg2 Rf6 31.Re2 Kg7 32.Rc1 h5 33.f3 Be5 34.Bb1 h4 35.g4 Re6 36.Rd1 Bd4
37.Rf1 Rf6 38.Rd1 Kf8 39.Rd3 Ke7 40.Rd1 Ke6 41.Rd3 Ke5 42.Rd1 Re6 43.Rd3 Kf4
44.Rdd2 Ke5 45.Bd3 Bc3 46.Rd1 Re7 47.Bb1 Bd4 48.Rd3 Rea7 49.Rdd2 c4 50.bxc4 Ra3
51.Rd3 Rxd3 52.Bxd3 Ra3 53.Bb1 Rc3 54.Rc2 Re3 55.Rd2 Rc3 56.Rc2 Kf4 57.Rd2 Ke3
58.Rc2 f6 59.Rb2 Bc5 60.Bc2 Rxc4 61.Bd1 Rc1 62.Re2+ Kd3  0-1

[Event "32nd Open"]
[Site "Arco ITA"]
[Date "2010.10.18"]
[Round "3"]
[White "De Andres Gonalons,F"]
[Black "Siebrecht,S"]
[Result "0-1"]
[WhiteElo "2041"]
[BlackElo "2421"]

1.d4 Nf6 2.c4 g6 3.g3 Bg7 4.Bg2 O-O 5.Nf3 d6 6.O-O a6 7.Nc3 Nc6 8.Bg5 h6
9.d5 Na5 10.Bxf6 Bxf6 11.Qd3 c5 12.Rab1 b5 13.b3 bxc4 14.bxc4 Bd7 15.Ne4 Bg7
16.Ned2 Qc7 17.Qa3 Rab8 18.Rfe1 e5 19.e3 f5 20.Bf1 e4 21.Nh4 g5 22.Ng2 Rb4
23.Rxb4 cxb4 24.Qc1 Ba4 25.Be2 Bc3 26.Rf1 Qg7 27.c5 dxc5 28.Bxa6  0-1

[Event "GM"]
[Site "Skanderborg DEN"]
[Date "2010.10.21"]
[Round "7"]
[White "Teplyi,I"]
[Black "Miton,K"]
[Result "0-1"]
[WhiteElo "2408"]
[BlackElo "2629"]

1.d4 Nf6 2.Nf3 g6 3.c4 Bg7 4.g3 O-O 5.Bg2 d6 6.O-O Nc6 7.Nc3 Bg4 8.h3 Bxf3
9.Bxf3 Nd7 10.e3 e5 11.Ne2 exd4 12.exd4 Qf6 13.Bxc6 bxc6 14.Be3 c5 15.Qc2 Rfe8
16.Rad1 Qf3 17.Qd3 Qb7 18.Qc2 Qf3 19.Qd3 h5 20.h4 Qb7 21.Qc2 cxd4 22.Bxd4 Bxd4
23.Nxd4 Ne5 24.Qb3 Qa6 25.Qb5 Qxa2 26.Ra1 Qxc4 27.Qxc4 Nxc4 28.Rfc1 Nxb2
29.Rxc7 a5 30.Nb5 a4 31.Nxd6 Red8 32.Nxf7 Rd1+ 33.Rxd1 Nxd1 34.Nd6 a3 35.Ne4 Ra6
36.Rc8+ Kf7 37.Rc7+ Ke8 38.Rc8+ Ke7 39.Rc7+ Kd8 40.Rc1 Nb2 41.Nc3 Rc6 42.Na2 Rxc1+
43.Nxc1 Kd7 44.Kf1 Kd6 45.Ke2 Kd5 46.Kd2 Kc4 47.Kc2 Nd3 48.Na2 Nb4+  0-1

[Event "Chigorin Mem Classic Open"]
[Site "St Petersburg RUS"]
[Date "2010.10.28"]
[Round "1"]
[White "Khatenever,F"]
[Black "Ulanov,A"]
[Result "0-1"]
[WhiteElo "1876"]
[BlackElo "2353"]

1.d4 Nf6 2.Nf3 g6 3.g3 Bg7 4.Bg2 O-O 5.c4 d6 6.O-O Nbd7 7.Nc3 e5 8.e3 c6
9.b3 Re8 10.dxe5 dxe5 11.Bb2 e4 12.Nd4 Nc5 13.Qc2 Nd3 14.h3 Nxb2 15.Qxb2 Re5
16.Rfd1 Qe7 17.b4 Rh5 18.h4 Bg4 19.Rd2 h6 20.Qc2 Re8 21.Re1 Qxb4 22.Rb1 Qe7
23.Nce2 Re5 24.Qb3 Bc8 25.Rbd1 Nd7 26.Nf4 Nc5 27.Qa3 a6 28.Nb3 Bg4 29.Rb1 g5
30.hxg5 hxg5 31.Nd5 cxd5 32.Qxc5 Qxc5 33.Nxc5 dxc4 34.Nxb7 c3 35.Rc2 Rd5
36.Bf1 Rd1 37.Rbc1 Rb8 38.Nc5 Rb1 39.Rxb1 Rxb1 40.Nxe4 Bh3 41.Nxc3 Bxc3 42.Rxc3 Bxf1
43.Kh2 Be2 44.e4 g4  0-1